[Event "Tradewise Gibraltar Master 2015"]
[Site "Gibraltar ENG"]
[Date "2015.02.01"]
[Round "6.56"]
[White "Cordes, Hans-Joerg"]
[Black "Raznikov, Danny"]
[Result "1/2-1/2"]
[WhiteElo "2262"]
[BlackElo "2494"]
[PlyCount "121"]
[EventDate "2015.01.27"]
[EventType "swiss"]
[EventRounds "10"]
[EventCountry "ENG"]
[Source "lmi"]
[SourceDate "2015.01.27"]

1. d4 Nf6 2. Bg5 d5 3. e3 c5 4. Bxf6 gxf6 5. Nc3 Nc6 6. Qh5 e6 7. Nf3 cxd4 8.
exd4 Bg7 9. Bd3 f5 10. Ne2 Qf6 11. c3 Bd7 12. h4 O-O-O 13. Qg5 Qh6 14. Qxh6
Bxh6 15. Ng5 Rdf8 16. Nf4 Nd8 17. O-O Rhg8 18. Ngh3 Kb8 19. Rfe1 b6 20. g3 Nb7
21. Nh5 Bc6 22. Kh2 Nd6 23. f3 Rh8 24. g4 fxg4 25. fxg4 Rc8 26. Rf1 Rc7 27. Rf3
Bf8 28. Raf1 Be7 29. Kg3 Ne4+ 30. Bxe4 dxe4 31. Re3 f5 32. gxf5 Rg8+ 33. Kh2
exf5 34. Rxf5 Bxh4 35. d5 Bd7 36. Rf4 Be7 37. Nf6 Bxf6 38. Rxf6 Bxh3 39. Kxh3
Rc5 40. Rf5 Rd8 41. Rxe4 Rcxd5 42. Rf7 R8d7 43. Rxd7 Rxd7 44. Re2 Rg7 45. Kh4
Kc7 46. Kh5 Kd6 47. Kh6 Rf7 48. Rd2+ Kc5 49. Rg2 Kc4 50. Rd2 Kc5 51. Kg5 a5 52.
Kh6 Kc4 53. Rd4+ Kc5 54. Rd2 a4 55. a3 b5 56. Rg2 Rd7 57. Rf2 Kc4 58. Rf4+ Kc5
59. Rf2 Re7 60. Rg2 Rf7 61. Re2 1/2-1/2

[Event "Tradewise Gibraltar Master 2015"]
[Site "Gibraltar ENG"]
[Date "2015.02.01"]
[Round "6.57"]
[White "Georgiadis, Nico"]
[Black "Perez Garcia, Alejandro"]
[Result "1-0"]
[WhiteElo "2490"]
[BlackElo "2207"]
[PlyCount "67"]
[EventDate "2015.01.27"]
[EventType "swiss"]
[EventRounds "10"]
[EventCountry "ENG"]
[Source "lmi"]
[SourceDate "2015.01.27"]

1. e4 d6 2. d4 Nf6 3. Nc3 e5 4. Nf3 Nbd7 5. Bc4 Be7 6. O-O O-O 7. a4 c6 8. Re1
b6 9. Ba2 a6 10. Bg5 h6 11. Bh4 Rb8 12. Bg3 Qc7 13. h3 Re8 14. Qd3 b5 15. axb5
axb5 16. b4 Bf8 17. Nb1 Bb7 18. Nbd2 Rbd8 19. Qb3 Re7 20. c4 Nh5 21. Bh2 Nf4
22. Rad1 Qb8 23. c5 dxc5 24. bxc5 exd4 25. Nxd4 g5 26. N2f3 Qa8 27. Bxf4 gxf4
28. e5 Nxc5 29. Qc2 Qa4 30. Qg6+ Kh8 31. Bxf7 Bg7 32. Nf5 Rxf7 33. Qxf7 Bf8 34.
N3h4 1-0

[Event "Tradewise Gibraltar Master 2015"]
[Site "Gibraltar ENG"]
[Date "2015.02.01"]
[Round "6.58"]
[White "Almagro Llamas, Pablo"]
[Black "Byron, Alan M"]
[Result "1-0"]
[WhiteElo "2469"]
[BlackElo "2188"]
[PlyCount "71"]
[EventDate "2015.01.27"]
[EventType "swiss"]
[EventRounds "10"]
[EventCountry "ENG"]
[Source "lmi"]
[SourceDate "2015.01.27"]

1. e4 c5 2. Nf3 Nc6 3. Bb5 g6 4. O-O Bg7 5. Bxc6 dxc6 6. d3 Nf6 7. a3 O-O 8. h3
c4 9. e5 Nd7 10. e6 Nb6 11. exf7+ Rxf7 12. d4 Qd6 13. Nc3 Bf5 14. Qe2 h6 15.
Ne5 Rff8 16. g4 Bc8 17. f4 Be6 18. Nxg6 Bxd4+ 19. Kh2 Rf7 20. Ne4 Qc7 21. Ng3
Bd5 22. f5 Re8 23. Bf4 Qc8 24. Be5 Bxe5 25. Qxe5 Kh7 26. Rae1 Nd7 27. Qf4 Qb8
28. Qxb8 Nxb8 29. Ne5 Rff8 30. Nh5 Na6 31. Nd7 Kg8 32. h4 Nc7 33. g5 Bg2 34. g6
Bd5 35. f6 exf6 36. Ndxf6+ 1-0

[Event "Tradewise Gibraltar Master 2015"]
[Site "Gibraltar ENG"]
[Date "2015.02.01"]
[Round "6.59"]
[White "Docx, Stefan"]
[Black "Heinemann, Josefine"]
[Result "1-0"]
[WhiteElo "2450"]
[BlackElo "2160"]
[PlyCount "71"]
[EventDate "2015.01.27"]
[EventType "swiss"]
[EventRounds "10"]
[EventCountry "ENG"]
[Source "lmi"]
[SourceDate "2015.01.27"]

1. e4 c5 2. Nf3 Nc6 3. Bb5 g6 4. O-O Bg7 5. Bxc6 dxc6 6. d3 Nf6 7. a3 O-O 8. h3
c4 9. e5 Nd7 10. e6 Nb6 11. exf7+ Rxf7 12. d4 Qd6 13. Nc3 Bf5 14. Qe2 h6 15.
Ne5 Rff8 16. g4 Bc8 17. f4 Be6 18. Nxg6 Bxd4+ 19. Kh2 Rf7 20. Ne4 Qc7 21. Ng3
Bd5 22. f5 Re8 23. Bf4 Qc8 24. Be5 Bxe5 25. Qxe5 Kh7 26. Rae1 Nd7 27. Qf4 Qb8
28. Qxb8 Nxb8 29. Ne5 Rff8 30. Nh5 Na6 31. Nd7 Kg8 32. h4 Nc7 33. g5 Bf7 34. g6
Bd5 35. f6 exf6 36. Ndxf6+ 1-0

[Event "Tradewise Gibraltar Master 2015"]
[Site "Gibraltar ENG"]
[Date "2015.02.01"]
[Round "6.60"]
[White "Guo, Qi"]
[Black "Burrows, Martin P"]
[Result "1-0"]
[WhiteElo "2439"]
[BlackElo "2136"]
[PlyCount "45"]
[EventDate "2015.01.27"]
[EventType "swiss"]
[EventRounds "10"]
[EventCountry "ENG"]
[Source "lmi"]
[SourceDate "2015.01.27"]

1. d4 Nf6 2. c4 e6 3. Nf3 b6 4. g3 Ba6 5. Qa4 Bb7 6. Bg2 c5 7. dxc5 Bxc5 8. O-O
O-O 9. Nc3 Be7 10. Rd1 Na6 11. Bf4 Nc5 12. Qc2 Qc8 13. Rd4 d5 14. Rc1 Rd8 15.
cxd5 Nxd5 16. Nxd5 Bxd5 17. b4 Na6 18. Qb1 Qb7 19. e4 e5 20. Nxe5 Be6 21. Rxd8+
Rxd8 22. Nc6 Rd7 23. e5 1-0

[Event "Tradewise Gibraltar Master 2015"]
[Site "Gibraltar ENG"]
[Date "2015.02.01"]
[Round "6.61"]
[White "Nagy, Gabor"]
[Black "Herman, Diego"]
[Result "1-0"]
[WhiteElo "2410"]
[BlackElo "2148"]
[PlyCount "77"]
[EventDate "2015.01.27"]
[EventType "swiss"]
[EventRounds "10"]
[EventCountry "ENG"]
[Source "lmi"]
[SourceDate "2015.01.27"]

1. e4 g6 2. d4 Bg7 3. Nc3 c6 4. h3 Nf6 5. e5 Nd5 6. Nxd5 cxd5 7. Nf3 O-O 8. Bf4
Qb6 9. Rb1 Nc6 10. c3 f6 11. exf6 Rxf6 12. Bg5 Rf8 13. Be2 d6 14. Qd2 Bf5 15.
Rd1 Rae8 16. O-O Qa5 17. b4 Qc7 18. Rfe1 a6 19. Nh2 Bd7 20. h4 Nd8 21. h5 Nf7
22. hxg6 hxg6 23. Bd3 Bf5 24. Bxf5 gxf5 25. Re6 Qd7 26. Rde1 Ne5 27. Rxe7 Rxe7
28. Bxe7 Qxe7 29. dxe5 dxe5 30. Qxd5+ Qf7 31. Qd2 e4 32. Nf1 Qc4 33. Rd1 f4 34.
Qd7 Qxa2 35. Rd5 Qe2 36. Rg5 Rf7 37. Qe8+ Rf8 38. Qe6+ Kh8 39. Qg6 1-0

[Event "Tradewise Gibraltar Master 2015"]
[Site "Gibraltar ENG"]
[Date "2015.02.01"]
[Round "6.62"]
[White "Santiago, Yago De Moura"]
[Black "Baert, Andy"]
[Result "0-1"]
[WhiteElo "2406"]
[BlackElo "2114"]
[PlyCount "88"]
[EventDate "2015.01.27"]
[EventType "swiss"]
[EventRounds "10"]
[EventCountry "ENG"]
[Source "lmi"]
[SourceDate "2015.01.27"]

1. e4 c5 2. b3 Nc6 3. Bb2 d6 4. Bb5 Nf6 5. Nc3 e6 6. f4 Be7 7. Nf3 O-O 8. Bxc6
bxc6 9. Qe2 Nd7 10. h4 a5 11. h5 d5 12. g4 d4 13. Na4 Ba6 14. Qf2 Bb5 15. g5
Bxa4 16. bxa4 Qb8 17. Bc1 Qxf4 18. d3 Qd6 19. g6 Ne5 20. gxh7+ Kxh7 21. Ke2
Nxf3 22. Qxf3 c4 23. Bd2 cxd3+ 24. cxd3 Rab8 25. Rag1 Rb2 26. Rg4 Qe5 27. Kd1
Rb1+ 28. Ke2 Rxh1 29. Qxh1 Rb8 30. Qf3 f5 31. Qg3 Qxg3 32. Rxg3 Rb2 33. Kd1
Rxa2 34. exf5 exf5 35. Bxa5 Rxa4 36. Bc7 Bf6 37. Rf3 Ra7 38. Bb6 Rb7 39. Bc5
Rb5 40. Bd6 Rb6 41. Rh3 Be5 42. Bf8 Rb2 43. Rf3 Kh6 44. Kc1 Rg2 0-1

[Event "Tradewise Gibraltar Master 2015"]
[Site "Gibraltar ENG"]
[Date "2015.02.01"]
[Round "6.63"]
[White "Karavade, Eesha"]
[Black "Yu, Jonathan"]
[Result "1/2-1/2"]
[WhiteElo "2398"]
[BlackElo "2081"]
[PlyCount "177"]
[EventDate "2015.01.27"]
[EventType "swiss"]
[EventRounds "10"]
[EventCountry "ENG"]
[Source "lmi"]
[SourceDate "2015.01.27"]

1. Nf3 e6 2. c4 Nf6 3. g3 d5 4. Bg2 c6 5. O-O Nbd7 6. Qc2 Be7 7. d4 O-O 8. Nbd2
b6 9. e4 dxc4 10. Nxc4 Bb7 11. h4 h6 12. Nfe5 Rc8 13. Rd1 b5 14. Nxd7 Nxd7 15.
Ne3 Qb6 16. Qe2 Rfd8 17. b3 c5 18. d5 Bf6 19. Bb2 Bxb2 20. Qxb2 Nf6 21. Rac1
exd5 22. exd5 Rc7 23. Qc3 Bc8 24. Bf3 h5 25. Qe5 Qd6 26. Qxd6 Rxd6 27. Rd2 g6
28. Rdc2 Nd7 29. Be2 a6 30. a4 Rb7 31. axb5 axb5 32. Ra2 Rb8 33. Ra5 Rdb6 34.
Bf1 Kf8 35. Ra7 Ke8 36. Kh2 Kd8 37. Bh3 f5 38. Bf1 Ra6 39. Rxa6 Bxa6 40. Ng2
Rb6 41. Nf4 Bb7 42. Be2 Kc7 43. Kg1 Ba6 44. Kf1 b4 45. Ra1 Bxe2+ 46. Kxe2 Ne5
47. Ng2 c4 48. bxc4 b3 49. Ne3 Kd6 50. Kd2 b2 51. Rb1 Kc5 52. Kc3 Rb4 53. d6
Nxc4 54. d7 Na3 55. Rxb2 Nb5+ 56. Kd3 Rd4+ 57. Ke2 Rxd7 58. Kf3 Nd6 59. Kf4 Nf7
60. Rc2+ Kd6 61. Nxf5+ gxf5 62. Kxf5 Ke7 63. Kg6 Kf8 64. Rc8+ Nd8 65. Rc5 Rd6+
66. Kxh5 Nf7 67. Kg4 Kg7 68. Kf4 Rf6+ 69. Rf5 Ra6 70. g4 Ra4+ 71. Kg3 Ra3+ 72.
f3 Ra1 73. h5 Ra4 74. g5 Ra1 75. Rd5 Rg1+ 76. Kf4 Rh1 77. Kg4 Rg1+ 78. Kf4 Rh1
79. g6 Nh6 80. Ra5 Rh2 81. Ke4 Re2+ 82. Kf4 Rh2 83. Kg3 Rh1 84. f4 Kf6 85. Ra6+
Kg7 86. Ra7+ Kf6 87. Ra6+ Kg7 88. Ra7+ Kf6 89. Ra6+ 1/2-1/2

[Event "Tradewise Gibraltar Master 2015"]
[Site "Gibraltar ENG"]
[Date "2015.02.01"]
[Round "6.64"]
[White "Bellon Lopez, Juan Manuel"]
[Black "Michalowski, Peter"]
[Result "1-0"]
[WhiteElo "2370"]
[BlackElo "2024"]
[PlyCount "49"]
[EventDate "2015.01.27"]
[EventType "swiss"]
[EventRounds "10"]
[EventCountry "ENG"]
[Source "lmi"]
[SourceDate "2015.01.27"]

1. d4 Nf6 2. Nf3 e6 3. c4 c5 4. d5 b5 5. e4 Nxe4 6. Bd3 Nf6 7. O-O Be7 8. Nc3
bxc4 9. Bxc4 exd5 10. Nxd5 O-O 11. Re1 Nc6 12. Ng5 Nxd5 13. Qxd5 Nb4 14. Qxa8
Bxg5 15. Bxg5 Qxg5 16. h4 Qxh4 17. Re4 Qf6 18. Rae1 Qc6 19. Qxc6 Nxc6 20. Rf4
Nd8 21. Rd1 Ne6 22. Rf5 g6 23. Re5 Kg7 24. Bxe6 dxe6 25. Rxc5 1-0

[Event "Tradewise Gibraltar Master 2015"]
[Site "Gibraltar ENG"]
[Date "2015.02.01"]
[Round "6.65"]
[White "Urbina Perez, Juan Antonio"]
[Black "Ladron De Guevara Pinto, Paolo"]
[Result "1/2-1/2"]
[WhiteElo "2221"]
[BlackElo "2367"]
[PlyCount "100"]
[EventDate "2015.01.27"]
[EventType "swiss"]
[EventRounds "10"]
[EventCountry "ENG"]
[Source "lmi"]
[SourceDate "2015.01.27"]

1. e4 g6 2. d4 Bg7 3. Nf3 c5 4. c3 cxd4 5. cxd4 d5 6. exd5 Qxd5 7. Nc3 Qa5 8.
Bb5+ Bd7 9. Bxd7+ Nxd7 10. O-O Ngf6 11. Re1 O-O 12. Rxe7 Qb4 13. Re1 Nb6 14. a3
Qd6 15. Be3 Nfd7 16. Qb3 a6 17. Ne5 Rac8 18. Ne4 Qb8 19. Bf4 Nxe5 20. Bxe5 Bxe5
21. dxe5 Rc6 22. Nf6+ Kg7 23. Qh3 h6 24. Ng4 h5 25. Nf6 Qc8 26. Qf3 Nc4 27. b3
Nb6 28. Qf4 Nd7 29. Ne4 Qd8 30. Rad1 Qe7 31. Nd6 Nc5 32. Qg3 Kh7 33. b4 Ne6 34.
Ne4 Rd8 35. Nf6+ Kh8 36. Qf3 Kg7 37. Rxd8 Nxd8 38. g4 hxg4 39. Qxg4 Re6 40. Nd5
Qd7 41. Nf4 Rd6 42. Qf3 Rd4 43. e6 Nxe6 44. Nxe6+ fxe6 45. Qe3 Kf7 46. Qh3 Qd5
47. Qh7+ Kf6 48. Qh8+ Kf7 49. Qh7+ Kf6 50. Qh8+ Kf7 1/2-1/2

[Event "Tradewise Gibraltar Master 2015"]
[Site "Gibraltar ENG"]
[Date "2015.02.01"]
[Round "6.66"]
[White "Paehtz, Thomas"]
[Black "Hamer, Martyn"]
[Result "1-0"]
[WhiteElo "2365"]
[BlackElo "2014"]
[PlyCount "51"]
[EventDate "2015.01.27"]
[EventType "swiss"]
[EventRounds "10"]
[EventCountry "ENG"]
[Source "lmi"]
[SourceDate "2015.01.27"]

1. e4 e5 2. Bc4 Nf6 3. d3 c6 4. Nf3 d5 5. Bb3 Bd6 6. Nc3 dxe4 7. Ng5 O-O 8.
Ncxe4 Nxe4 9. Nxe4 Bb4+ 10. c3 Be7 11. O-O a5 12. Qh5 a4 13. Bc2 f5 14. Ng5 h6
15. Nf3 Bd6 16. Re1 Qf6 17. d4 e4 18. Ne5 Bxe5 19. dxe5 Qf7 20. Qxf7+ Kxf7 21.
g4 fxg4 22. Rxe4 b5 23. Be3 Be6 24. Rf4+ Ke8 25. Bg6+ Bf7 26. Rxf7 1-0

[Event "Tradewise Gibraltar Master 2015"]
[Site "Gibraltar ENG"]
[Date "2015.02.01"]
[Round "6.67"]
[White "Veltkamp, Gerben"]
[Black "Bartel, Marta"]
[Result "0-1"]
[WhiteElo "2175"]
[BlackElo "2347"]
[PlyCount "66"]
[EventDate "2015.01.27"]
[EventType "swiss"]
[EventRounds "10"]
[EventCountry "ENG"]
[Source "lmi"]
[SourceDate "2015.01.27"]

1. e4 g6 2. d4 Bg7 3. Nc3 c6 4. Be2 d6 5. Nf3 Nd7 6. O-O b5 7. a3 a6 8. Be3 Qc7
9. Qd2 Bb7 10. Rad1 h6 11. h3 Ngf6 12. e5 Nd5 13. Nxd5 cxd5 14. exd6 Qxd6 15.
Bf4 Qb6 16. Rfe1 g5 17. Bg3 Nf6 18. Qb4 Ne4 19. Be5 f6 20. Bh2 h5 21. Nd2 f5
22. Nb3 O-O 23. f3 Nd6 24. a4 f4 25. h4 Nf5 26. hxg5 e5 27. Nc5 Qd8 28. dxe5
Ne3 29. Bd3 Qxg5 30. Rxe3 fxe3 31. Qd4 Rxf3 32. Nxb7 Rf2 33. g3 Qxe5 0-1

[Event "Tradewise Gibraltar Master 2015"]
[Site "Gibraltar ENG"]
[Date "2015.02.01"]
[Round "6.68"]
[White "Verneuil, Pascal"]
[Black "Povah, Nigel E"]
[Result "0-1"]
[WhiteElo "2093"]
[BlackElo "2324"]
[PlyCount "86"]
[EventDate "2015.01.27"]
[EventType "swiss"]
[EventRounds "10"]
[EventCountry "ENG"]
[Source "lmi"]
[SourceDate "2015.01.27"]

1. e4 c5 2. b3 Nf6 3. e5 Nd5 4. Nf3 e6 5. Bb2 b6 6. c4 Ne7 7. d4 cxd4 8. Nxd4
Bb7 9. Qg4 Ng6 10. Nb5 Bb4+ 11. N1c3 O-O 12. a3 Be7 13. Nd6 Nxe5 14. Nxb7 Nxg4
15. Nxd8 Rxd8 16. f3 Ne3 17. Ke2 Nxf1 18. Rhxf1 Bf6 19. Rad1 Nc6 20. Na4 Bxb2
21. Nxb2 Kf8 22. Rd6 Ke7 23. Rfd1 Rac8 24. b4 Ne5 25. c5 bxc5 26. b5 c4 27. f4
Nd3 28. Nxd3 Kxd6 29. Ne5+ Ke7 30. a4 f6 31. Nf3 Rc5 32. Nd4 g6 33. Kd2 e5 34.
fxe5 fxe5 35. Ne2 d5 36. Kc3 d4+ 37. Kb4 Rc7 38. a5 c3 39. b6 axb6 40. axb6 Rb7
41. Kc5 Rc8+ 42. Kb5 c2 43. Re1 d3 0-1

[Event "Tradewise Gibraltar Master 2015"]
[Site "Gibraltar ENG"]
[Date "2015.02.01"]
[Round "6.69"]
[White "Seyfried, Claus"]
[Black "Nuri, Kambez"]
[Result "1/2-1/2"]
[WhiteElo "2147"]
[BlackElo "2305"]
[PlyCount "53"]
[EventDate "2015.01.27"]
[EventType "swiss"]
[EventRounds "10"]
[EventCountry "ENG"]
[Source "lmi"]
[SourceDate "2015.01.27"]

1. e4 c5 2. c3 d5 3. exd5 Qxd5 4. d4 g6 5. Nf3 Bg7 6. Na3 Nf6 7. Bc4 Qe4+ 8.
Be3 O-O 9. O-O cxd4 10. Nxd4 Ng4 11. Bg5 Qe5 12. Nf3 Qc5 13. h3 Ne5 14. Nxe5
Qxe5 15. Qd2 Nc6 16. Rfe1 Qc5 17. Rad1 Ne5 18. Qd5 Qxd5 19. Bxd5 e6 20. Bb3 a6
21. Bf4 Nd7 22. Nc4 b5 23. Nd6 Ra7 24. Be3 Rc7 25. Bf4 Ra7 26. Be3 Rc7 27. Bf4
1/2-1/2

[Event "Tradewise Gibraltar Master 2015"]
[Site "Gibraltar ENG"]
[Date "2015.02.01"]
[Round "6.70"]
[White "Rydstrom, Tom"]
[Black "Nilsen, Martin"]
[Result "1-0"]
[WhiteElo "2292"]
[BlackElo "2011"]
[PlyCount "35"]
[EventDate "2015.01.27"]
[EventType "swiss"]
[EventRounds "10"]
[EventCountry "ENG"]
[Source "lmi"]
[SourceDate "2015.01.27"]

1. e4 e6 2. d4 d5 3. Nc3 Nf6 4. e5 Nfd7 5. f4 c5 6. Nf3 Nc6 7. Be3 Qb6 8. Na4
Qc7 9. dxc5 d4 10. Nxd4 Nxc5 11. Nc3 Nxd4 12. Qxd4 Bd7 13. Nb5 Bxb5 14. Bxb5+
Nd7 15. O-O-O O-O-O 16. Qxa7 Nb6 17. Bxb6 Qb8 18. Rxd8# 1-0

[Event "Tradewise Gibraltar Master 2015"]
[Site "Gibraltar ENG"]
[Date "2015.02.01"]
[Round "6.72"]
[White "Weeramantry, Sunil"]
[Black "Lejlic, Samir"]
[Result "0-1"]
[WhiteElo "2127"]
[BlackElo "2354"]
[PlyCount "56"]
[EventDate "2015.01.27"]
[EventType "swiss"]
[EventRounds "10"]
[EventCountry "ENG"]
[Source "lmi"]
[SourceDate "2015.01.27"]

1. e4 e5 2. Nf3 Nc6 3. Nc3 Nf6 4. d4 exd4 5. Nxd4 Bb4 6. Nxc6 bxc6 7. Bd3 d5 8.
exd5 Qe7+ 9. Qe2 Qxe2+ 10. Bxe2 cxd5 11. O-O c6 12. Na4 O-O 13. Be3 Re8 14. c3
Bd6 15. h3 Ne4 16. Rfd1 f5 17. Bf3 f4 18. Bd4 Ng5 19. Bg4 Bxg4 20. hxg4 f3 21.
Be3 Re4 22. Rd4 Rae8 23. Rad1 Rxe3 24. fxe3 Rxe3 25. gxf3 Rxf3 26. R1d3 Nh3+
27. Kg2 Rg3+ 28. Kf1 Rg1+ 0-1

[Event "Tradewise Gibraltar Master 2015"]
[Site "Gibraltar ENG"]
[Date "2015.02.01"]
[Round "6.73"]
[White "Wemmers, Xander"]
[Black "Rodriguez Alvarez, Vidal"]
[Result "1-0"]
[WhiteElo "2353"]
[BlackElo "2122"]
[PlyCount "65"]
[EventDate "2015.01.27"]
[EventType "swiss"]
[EventRounds "10"]
[EventCountry "ENG"]
[Source "lmi"]
[SourceDate "2015.01.27"]

1. d4 Nf6 2. c4 e6 3. Nc3 Bb4 4. e3 O-O 5. Bd3 d5 6. cxd5 exd5 7. Nge2 Re8 8.
O-O Nbd7 9. Qb3 Bd6 10. f3 Nb6 11. Qc2 c5 12. Bd2 a6 13. Rae1 Bd7 14. dxc5 Bxc5
15. Nxd5 Rc8 16. Nxf6+ Qxf6 17. Nc3 Na4 18. Nxa4 Bxe3+ 19. Bxe3 Rxc2 20. Bxc2
Bb5 21. Rf2 Qf4 22. g3 Qb4 23. Nc3 h5 24. a3 Qa5 25. Bd2 Rxe1+ 26. Bxe1 Bc6 27.
Kg2 h4 28. gxh4 Qh5 29. Rf1 f5 30. Bg3 Qf7 31. Rd1 g6 32. Rd8+ Be8 33. Nd5 1-0

[Event "Tradewise Gibraltar Master 2015"]
[Site "Gibraltar ENG"]
[Date "2015.02.01"]
[Round "6.74"]
[White "Mareckova, Martina"]
[Black "Vojinovic, Jovana"]
[Result "1/2-1/2"]
[WhiteElo "2102"]
[BlackElo "2301"]
[PlyCount "71"]
[EventDate "2015.01.27"]
[EventType "swiss"]
[EventRounds "10"]
[EventCountry "ENG"]
[Source "lmi"]
[SourceDate "2015.01.27"]

1. e4 g6 2. d4 Nf6 3. e5 Nh5 4. Be2 d6 5. f4 c5 6. Bxh5 gxh5 7. Be3 dxe5 8.
dxe5 Qxd1+ 9. Kxd1 Rg8 10. g3 Bf5 11. Nf3 Na6 12. a3 O-O-O+ 13. Kc1 e6 14. Nc3
Be7 15. b3 h4 16. Rg1 hxg3 17. hxg3 Nc7 18. Kb2 h5 19. Nd2 Nd5 20. Nxd5 Rxd5
21. a4 f6 22. Nc4 b6 23. Rae1 Kc7 24. Kc1 a6 25. Bd2 fxe5 26. Ne3 Rd7 27. Nxf5
exf5 28. Rxe5 h4 29. Rxf5 hxg3 30. Re5 c4 31. bxc4 Ba3+ 32. Kd1 Bd6 33. Rd5 g2
34. Rg5 Rf7 35. R1xg2 Bxf4 36. Rd5 1/2-1/2

[Event "Tradewise Gibraltar Master 2015"]
[Site "Gibraltar ENG"]
[Date "2015.02.01"]
[Round "6.75"]
[White "Reuben, Stewart"]
[Black "Morais, Vitor"]
[Result "0-1"]
[WhiteElo "2078"]
[BlackElo "1934"]
[PlyCount "96"]
[EventDate "2015.01.27"]
[EventType "swiss"]
[EventRounds "10"]
[EventCountry "ENG"]
[Source "lmi"]
[SourceDate "2015.01.27"]

1. c4 c5 2. Nc3 Nf6 3. g3 d5 4. cxd5 Nxd5 5. Bg2 Nc7 6. d3 e5 7. f4 exf4 8.
Bxf4 Be7 9. Nh3 O-O 10. Bxc7 Qxc7 11. Nf4 Nc6 12. Nfd5 Qe5 13. Nxe7+ Nxe7 14.
Qd2 Rb8 15. Qf4 Qxf4 16. gxf4 Nf5 17. Kd2 b6 18. Rhg1 Bb7 19. Bxb7 Rxb7 20. Rg5
Nd4 21. Rag1 f5 22. R5g3 Re7 23. e3 Nc6 24. a3 Rd7 25. Kc2 Kh8 26. Rd1 g6 27.
h4 Rfd8 28. h5 gxh5 29. Rg5 Re7 30. Kd2 Na5 31. Ke2 Nc6 32. Kf2 Rf7 33. Rxh5
Ne7 34. Rh6 Ng8 35. Re6 Nf6 36. Kf3 Rg8 37. e4 fxe4+ 38. dxe4 Nh5 39. f5 Ng7
40. Rh6 Nxf5 41. exf5 Rxf5+ 42. Ke4 Rf7 43. Rd2 Re8+ 44. Kd5 Rd7+ 45. Kc4 Rxd2
46. b4 Rd4+ 47. Kb5 cxb4 48. axb4 Re5+ 0-1

[Event "Tradewise Gibraltar Master 2015"]
[Site "Gibraltar ENG"]
[Date "2015.02.01"]
[Round "6.76"]
[White "De Haan, Eric"]
[Black "Mehlhorn, Uwe"]
[Result "1/2-1/2"]
[WhiteElo "2299"]
[BlackElo "2121"]
[PlyCount "60"]
[EventDate "2015.01.27"]
[EventType "swiss"]
[EventRounds "10"]
[EventCountry "ENG"]
[Source "lmi"]
[SourceDate "2015.01.27"]

1. d4 d6 2. c4 e5 3. d5 f5 4. e4 Nf6 5. exf5 Bxf5 6. Nc3 Be7 7. Nge2 O-O 8. Ng3
Bg6 9. Bd3 Qe8 10. O-O Nbd7 11. Qc2 Bxd3 12. Qxd3 Nh5 13. Nxh5 Qxh5 14. Ne4 Qg6
15. f3 Nf6 16. Bg5 Rf7 17. Bxf6 gxf6 18. g4 Raf8 19. Rad1 f5 20. Ng3 Bh4 21.
gxf5 Rxf5 22. Rd2 Qg7 23. Kh1 Bxg3 24. hxg3 Rh5+ 25. Rh2 Rxh2+ 26. Kxh2 Rf6 27.
Kg2 Rg6 28. g4 Qf6 29. Rh1 Qf4 30. Kf2 Rg7 1/2-1/2

[Event "Tradewise Gibraltar Master 2015"]
[Site "Gibraltar ENG"]
[Date "2015.02.01"]
[Round "6.77"]
[White "Olsarova, Tereza"]
[Black "Kandic, Milan"]
[Result "1-0"]
[WhiteElo "2288"]
[BlackElo "2101"]
[PlyCount "121"]
[EventDate "2015.01.27"]
[EventType "swiss"]
[EventRounds "10"]
[EventCountry "ENG"]
[Source "lmi"]
[SourceDate "2015.01.27"]

1. e4 c5 2. Nf3 Nc6 3. d4 cxd4 4. Nxd4 e5 5. Nb5 a6 6. Nd6+ Bxd6 7. Qxd6 Qf6 8.
Qxf6 Nxf6 9. Nc3 Nb4 10. Bd3 Nxd3+ 11. cxd3 h6 12. a4 d5 13. exd5 Bf5 14. f4
O-O-O 15. fxe5 Nxd5 16. O-O Bxd3 17. Rxf7 Nxc3 18. bxc3 Bc4 19. Rf4 Rd1+ 20.
Kf2 Rf1+ 21. Kg3 Rxf4 22. Bxf4 Rd8 23. Kg4 Be2+ 24. Kg3 Rd3+ 25. Kf2 Bg4 26.
Rc1 Be6 27. Be3 Rd5 28. Bd4 Ra5 29. Rb1 Rxa4 30. Rb6 Bf5 31. e6 Kc7 32. e7 Ra2+
33. Kf3 Bd7 34. Re6 Be8 35. Bxg7 h5 36. Bd4 Kd7 37. Re1 b5 38. h3 Rd2 39. Ra1
Kxe7 40. Rxa6 Bd7 41. Rh6 Be8 42. g3 Kd7 43. Be5 Rd1 44. Rb6 Ke7 45. Kf4 Rf1+
46. Kg5 Rh1 47. Bf6+ Kd7 48. Rb8 Bf7 49. Rb7+ Ke8 50. h4 Rg1 51. Be5 Rb1 52.
Bd6 Rd1 53. Bb4 Rf1 54. Rxb5 Rf3 55. g4 hxg4 56. Kxg4 Rf1 57. Kg5 Rg1+ 58. Kf6
Rg6+ 59. Kf5 Rg7 60. Rb8+ Kd7 61. Kf6 1-0

[Event "Tradewise Gibraltar Master 2015"]
[Site "Gibraltar ENG"]
[Date "2015.02.01"]
[Round "6.78"]
[White "Sanchez Jerez, Emilio Miguel"]
[Black "De Rosa, Mariagrazia"]
[Result "1-0"]
[WhiteElo "2282"]
[BlackElo "2101"]
[PlyCount "87"]
[EventDate "2015.01.27"]
[EventType "swiss"]
[EventRounds "10"]
[EventCountry "ENG"]
[Source "lmi"]
[SourceDate "2015.01.27"]

1. Nc3 c5 2. Nf3 a6 3. g3 b5 4. Bg2 Bb7 5. O-O Nf6 6. d3 d5 7. e4 e6 8. e5 Nfd7
9. Bf4 Be7 10. h4 Nc6 11. Qd2 Nb6 12. Bg5 Bxg5 13. hxg5 h6 14. g6 fxg6 15. Nh4
Qg5 16. Qe1 Nd4 17. f4 Qg4 18. Qf2 Nd7 19. Rae1 Nf5 20. Kh2 Nxh4 21. gxh4 g5
22. Bh3 Qxf4+ 23. Qxf4 gxf4 24. Bxe6 g5 25. Nxd5 Bxd5 26. Bxd5 Rb8 27. Kh3 Ke7
28. Kg4 Nb6 29. Be4 Rbg8 30. c3 Nd7 31. d4 h5+ 32. Kf3 gxh4 33. Kxf4 Rg3 34.
Bf5 b4 35. d5 bxc3 36. d6+ Kd8 37. bxc3 Rxc3 38. e6 Rc4+ 39. Re4 Rxe4+ 40. Kxe4
Nf6+ 41. Ke5 Ng4+ 42. Bxg4 hxg4 43. e7+ Ke8 44. Rf6 1-0

[Event "Tradewise Gibraltar Master 2015"]
[Site "Gibraltar ENG"]
[Date "2015.02.01"]
[Round "6.79"]
[White "Viana, Dirceu"]
[Black "Vanheirzeele, Daniel"]
[Result "1/2-1/2"]
[WhiteElo "2268"]
[BlackElo "2091"]
[PlyCount "60"]
[EventDate "2015.01.27"]
[EventType "swiss"]
[EventRounds "10"]
[EventCountry "ENG"]
[Source "lmi"]
[SourceDate "2015.01.27"]

1. e4 c5 2. Nc3 d6 3. g3 Nc6 4. Bg2 g6 5. d3 Bg7 6. Nge2 Rb8 7. a3 b5 8. Rb1 a5
9. a4 bxa4 10. Nxa4 Nf6 11. O-O O-O 12. b3 Bd7 13. Bd2 Nb4 14. Nec3 Ne8 15. Nb2
e6 16. Nc4 Bc6 17. Ra1 Ra8 18. Ra3 d5 19. exd5 exd5 20. Nb2 Nd6 21. Nba4 c4 22.
dxc4 dxc4 23. Bxc6 Nxc6 24. Bf4 Nd4 25. Re1 cxb3 26. cxb3 N4b5 27. Nxb5 Nxb5
28. Ra2 Rc8 29. Qxd8 Rfxd8 30. Kg2 Nd4 1/2-1/2